| 000 | 00675nab a2200217 a 4500 | ||
|---|---|---|---|
| 005 | 20210219155633.0 | ||
| 008 | 991125s1985 mx 000 0 spa u | ||
| 035 | _aUPN01000148987 | ||
| 100 | 1 | _aGonzález, María José | |
| 222 | _aINFANCIA Y APRENDIZAJE = | ||
| 222 | _bJOURNAL FOR THE STUDY OF EDUCATION AND DEVELOPMENT | ||
| 245 | _aAnálisis del rendimiento en composición escrita y sus dificultades en educación secundaria | ||
| 260 | _aMadrid, España | ||
| 300 | _a315-326 | ||
| 362 | 0 | _a2006 Vol. 29, no. 3 | |
| 653 | 0 | _aCOMPOSICION ESCRITA | |
| 653 | 0 | _aEDUCACION SECUNDARIA | |
| 700 | 1 | _aMartín, Isaías, | |
| 700 | 1 | _ecoaut. | |
| 905 | _aArticulo | ||
| 999 |
_c121128 _d121128 |
||